000 00558nam a22001697a 4500
005 20231103094154.0
008 231103b |||||||| |||| 00| 0 eng d
020 _a0409019402
041 _aEnglish / Afrikaans
082 _a346.6 CIL
100 _aCilliers, HS, Benade, ML and De Villiers, SWL
_lEnglish
245 _aCompany Law Service /
_cHS Cilliers, ML Benade and SWL De Villiers
260 _aDurban :
_bButterworths,
_c1977
300 _bxii, 600 pages ;
_c27 cm.
650 _aLegal practice
_bLaw
942 _cBK
_6ALISON_BN_VRIES
999 _c285
_d285